000 00233nam a22000857a 4500
008 160712b xxu||||| |||| 00| 0 eng d
100 _92623
_a Dreamland
245 _aThe Princess and the Frog
260 _aNew Delhi
_bDreamland Publication
999 _c2277
_d2277